000 00672nam a2200229Ia 4500
001 17086
003 GE_BSU
008 181216s||||||||xx |||||||||||||| ||und||
040 _cGE_BSU
080 _a821.353.1-13
100 _aაბაშიძე, გრიგოლ (1914-1994)
245 _aგიორგი VI
245 _bპოემა
245 _cრედ.ვლ.უბილავა. ილ.: ლ. ცუცქირიძე
260 _aთბილისი
260 _bნაკადული
260 _c1966
300 _a59გვ. : ილ. ; 22სმ.
653 _aგიორგი VI
653 _aპოემა
942 _cBK
999 _c50148
_d50148